|
|
|
|
| LEADER |
00000nam0a2200000 4500 |
| 001 |
360022 |
| 005 |
20250211063213.0 |
| 035 |
|
|
|a (RuTPU)RU\TPU\retro\17329
|
| 035 |
|
|
|a RU\TPU\retro\17328
|
| 090 |
|
|
|a 360022
|
| 100 |
|
|
|a 20210224d1970 k y0rusy5003 ca
|
| 101 |
0 |
|
|a rus
|
| 102 |
|
|
|a RU
|
| 105 |
|
|
|a y z 001zy
|
| 200 |
1 |
|
|a Теплофизические свойства веществ
|e [тематический сборник]
|f Московский энергетический институт ; под ред. Э. Э. Шпильрайна ; под ред. Д. С. Рассказова ; под ред. А. Б. Матвеева
|
| 210 |
|
|
|a Москва
|c Изд-во МЭИ
|d 1970
|
| 215 |
|
|
|a 199 с.
|c табл., ил.
|
| 225 |
1 |
|
|a Труды Московского энергетического института (МЭИ)
|v Вып. 75
|
| 320 |
|
|
|a Библиогр. в конце ст.
|
| 500 |
1 |
0 |
|a Труды Московского энергетического института
|9 88841
|
| 606 |
1 |
|
|a Теплофизика
|2 stltpush
|3 (RuTPU)RU\TPU\subj\59814
|9 77311
|
| 610 |
1 |
|
|a ЭЦВМ
|
| 610 |
1 |
|
|a уравнения состояния
|
| 610 |
1 |
|
|a чистые вещества
|
| 610 |
1 |
|
|a данные
|
| 610 |
1 |
|
|a наблюдения
|
| 610 |
1 |
|
|a теплофизические свойства
|
| 610 |
1 |
|
|a рекуррентные соотношения
|
| 610 |
1 |
|
|a ортогональные многочлены
|
| 610 |
1 |
|
|a пары натрия
|
| 610 |
1 |
|
|a расчет
|
| 610 |
1 |
|
|a давление паров
|
| 610 |
1 |
|
|a экспериментальное исследование
|
| 610 |
1 |
|
|a вязкость
|
| 610 |
1 |
|
|a растворы
|
| 610 |
1 |
|
|a дроссель-эффект
|
| 610 |
1 |
|
|a калориметрические установки
|
| 610 |
1 |
|
|a теплопроводность
|
| 610 |
1 |
|
|a электропроводность
|
| 610 |
1 |
|
|a расплавы солей
|
| 675 |
|
|
|a 536
|v 3
|
| 702 |
|
1 |
|a Шпильрайн
|b Э. Э.
|4 340
|
| 702 |
|
1 |
|a Рассказов
|b Д. С.
|4 340
|
| 702 |
|
1 |
|a Матвеев
|b А. Б.
|4 340
|
| 712 |
0 |
2 |
|a Московский энергетический институт
|c (1930-1992)
|3 (RuTPU)RU\TPU\col\20092
|9 27693
|
| 801 |
|
0 |
|a RU
|b 63413507
|c 19950704
|g psbo
|
| 801 |
|
1 |
|a RU
|b 63413507
|c 20060118
|g PSBO
|
| 801 |
|
2 |
|a RU
|b 63413507
|c 20220208
|g PSBO
|
| 942 |
|
|
|c BK
|